000
00376nam a2200133Ia 4500
008
100328s9999 xx 000 0 und d
082
_b
3942
100
_a
आनंद मुल्कराज
245
_a
अस्पृश्य
260
_b
लोकसाहित्य
630
_a
अस्पृश्य
730
_a
अस्पृश्य
942
_c
BOOK
999
_c
500047
_d
500044